Методика преподавания психологии (Запись № 476254)

Подробности
000 -МАРКЕР
контрольное поле 01686nam0a2200337 4500
001 - ИДЕНТИФИКАТОР ЗАПИСИ
контрольное поле RU\NLR\bibl\996101
005 - ИДЕНТИФИКАТОР ВЕРСИИ
контрольное поле 20250614222725.0
010 ## - МЕЖДУНАРОДНЫЙ СТАНДАРТНЫЙ НОМЕР КНИГИ (ISBN)
Номер (ISBN) 5-94723-371-1
Уточнения в пер.
Тираж 3500
035 ## - ДРУГИЕ СИСТЕМНЫЕ НОМЕРА
Идентификатор записи (NLR Aleph) 000983866
100 ## - ДАННЫЕ ОБЩЕЙ ОБРАБОТКИ
Данные общей обработки 20061012d2006 |||y0rusy50 ca
101 0# - ЯЗЫК РЕСУРСА
Язык текста, звукозаписи и т.д. русский
102 ## - СТРАНА ПУБЛИКАЦИИ ИЛИ ПРОИЗВОДСТВА
Страна публикации Российская Федерация
105 ## - ПОЛЕ КОДИРОВАННЫХ ДАННЫХ: ТЕКСТОВЫЕ МАТЕРИАЛЫ, МОНОГРАФИЧЕСКИЕ
Кодированные данные о монографическом текстовом документе a |||||||||
106 ## - ПОЛЕ КОДИРОВАННЫХ ДАННЫХ: ТЕКСТОВЫЕ РЕСУРСЫ – ФОРМА
Форма ресурса: кодированные данные: обозначение носителя r
200 1# - ЗАГЛАВИЕ И СВЕДЕНИЯ ОБ ОТВЕТСТВЕННОСТИ
Основное заглавие Методика преподавания психологии
Сведения, относящиеся к заглавию учебное пособие для студентов вузов, обучающихся по направлению и специальностям психологии
Первые сведения об ответственности В. Н. Карандашев
210 ## - ПУБЛИКАЦИЯ, РАСПРОСТРАНЕНИЕ И ДР.
Место издания, распространения и т.д. Санкт-Петербург [и др.]
Имя издателя, распространителя и т. д. Питер
Дата издания, распространения и т.д. 2006
Место изготовления СПб.
Имя изготовителя ГП Техн. кн.
215 ## - ФИЗИЧЕСКАЯ ХАРАКТЕРИСТИКА
Специфическое обозначение материала и объем 249 с.
Другие сведения о физической характеристике ил.
Размеры 24
225 1# - СЕРИЯ
Основное заглавие серии Учебное пособие
225 1# - СЕРИЯ
Основное заглавие серии Издательская программа "300 лучших учебников для высшей школы в честь 300-летия Санкт-Петербурга"
320 ## - ПРИМЕЧАНИЯ О НАЛИЧИИ В ДОКУМЕНТЕ БИБЛИОГРАФИИ / УКАЗАТЕЛЯ
Текст примечания Библиогр.: с. 231-246
320 ## - ПРИМЕЧАНИЯ О НАЛИЧИИ В ДОКУМЕНТЕ БИБЛИОГРАФИИ / УКАЗАТЕЛЯ
Текст примечания Предм. указ.: с. 247-249
606 0# - НАИМЕНОВАНИЕ ТЕМЫ КАК ПРЕДМЕТ
Наименование темы Психология
Формальный подзаголовок Учебные издания для высших учебных заведений
Тематический подзаголовок Рефераты
-- Составление
Системный номер авторитетной/нормативной записи 2249224
Идентификатор авторитетной/нормативной записи RU\NLR\auth\661349229
610 0# - НЕКОНТРОЛИРУЕМЫЕ ПРЕДМЕТНЫЕ ТЕРМИНЫ
Предметный термин Психология --Методика преподавания -- Учебник для высшей школы
686 ## - ИНДЕКСЫ ДРУГИХ КЛАССИФИКАЦИЙ
Индекс Ч486.61-2я7
700 #1 - ИМЯ ЛИЦА - ПЕРВИЧНАЯ ОТВЕТСТВЕННОСТЬ
Начальный элемент ввода Карандашев
Часть имени, кроме начального элемента ввода В. Н.
Расширение инициалов личного имени Виктор Николаевич
Код отношения Автор
801 #0 - ИСТОЧНИК ЗАПИСИ
Страна Российская Федерация
Организация NLR
Дата составления 20061012
Правила каталогизации rcr
801 #1 - ИСТОЧНИК ЗАПИСИ
Страна Российская Федерация
Организация NLR
Дата составления 20061012
942 ## - ДОПОЛНИТЕЛЬНЫЕ ЭЛЕМЕНТЫ ЗАПИСИ (АБИС)
Тип экземпляра АБИС Книга
980 ## - КОЛЛЕКЦИЯ
Название коллекции Национальная библиография
Экземпляры
Тип экземпляра Дата поступления Источник поступления Стоимость Библиотека постоянного хранения Библиотека текущего хранения Место хранения Шифр хранения Штрих-код Статус экземпляра
Книга 12.10.2006 Покупка 85.00 РНБ (Московский) РНБ (Московский) Обменный фонд   2277677  
Книга 12.10.2006 Покупка 104.50 РНБ (Садовая) РНБ (Садовая) Фонд научного зала социально-экономической литературы С2 Ч486/К-212 1-194603